The report (Record no. 84623)

MARC details
000 -LEADER
fixed length control field 00676cab a22001935a 4500
001 - CONTROL NUMBER
control field L158556
008 - FIXED-LENGTH DATA ELEMENTS--GENERAL INFORMATION
fixed length control field 150424e20150404xxk 000 0 eng d
035 ## - SYSTEM CONTROL NUMBER
System control number (Sirsi) u158556
041 0# - LANGUAGE CODE
Language code of text/sound track or separate title eng
100 1# - MAIN ENTRY--PERSONAL NAME
Personal name Puckett, Katie
245 04 - TITLE STATEMENT
Title The report
Remainder of title Transport Infrastructure
260 ## - PUBLICATION, DISTRIBUTION, ETC.
Date of publication, distribution, etc. 2015
490 ## - SERIES STATEMENT
Series statement Estates Gazette
Volume/sequential designation (1513) 4 April 2015, 36-41(6)
520 ## - SUMMARY, ETC.
Summary, etc. Prospects for infrastructure schemes after the 2015 general election. Includes information from the five main parties about how they would improve the UK's infrastructure if they formed the next government.
590 ## - LOCAL NOTE (RLIN)
Local note KA
651 #4 - SUBJECT ADDED ENTRY--GEOGRAPHIC NAME
Geographic name United Kingdom
690 ## - LOCAL SUBJECT ADDED ENTRY--TOPICAL TERM (OCLC, RLIN)
Topical term or geographic name as entry element Infrastructure
9 (RLIN) 6246
942 ## - ADDED ENTRY ELEMENTS (KOHA)
Suppress in OPAC 0
Holdings
Withdrawn status Lost status Source of classification or shelving scheme Damaged status Not for loan Home library Current library Shelving location Date acquired Total Checkouts Full call number Barcode Date last seen Copy number Price effective from Koha item type
    Dewey Decimal Classification     London London Journal article 24/04/2015   L158556 158556-1001 06/08/2019 1 06/08/2019 Journal article